Stanovenie čiary trvania čistého spádu na derivačnej malej vodnej elektrárni
Saved in:
| Main Author: | |
|---|---|
| Other Authors: | |
| Format: | Manuscript Book |
| Language: | Slovak |
| Published: |
Bratislava :
STU v Bratislave SvF,
2013
|
| Subjects: | |
| Online Access: | VAIS https://opac.crzp.sk/?fn=detailBiblioForm&sid=873ABE7B6F49B7A56848CD9670EF |
| Tags: |
No Tags, Be the first to tag this record!
|
MARC
| LEADER | 00000ntm a22000003a 4500 | ||
|---|---|---|---|
| 001 | stu271854 | ||
| 005 | 20231026115002.0 | ||
| 008 | 130720s2013----xo------------------slo-d | ||
| 040 | |a STU |b slo | ||
| 041 | 0 | |a slo | |
| 044 | |a xo | ||
| 100 | 1 | |a Pašková, Zuzana, |d 1991- |4 aut |u V |T SvF Stavebná fakulta |X 67242 |U V |Y 10 |7 A000067242 | |
| 245 | 1 | |a Stanovenie čiary trvania čistého spádu na derivačnej malej vodnej elektrárni | |
| 260 | |a Bratislava : |b STU v Bratislave SvF, |c 2013 | ||
| 650 | 7 | |a MVE |2 stusub | |
| 700 | 1 | |a Dušička, Peter, |d 1962- |4 ths |u V170 |U SvF Stavebná fakulta |T SvF Katedra hydrotechniky |X 977 |U V170 |Y 17 |7 A000000977 | |
| 856 | 4 | |a info a plný text |u http://is.stuba.sk/zp/portal_zp.pl?podrobnosti=67860 |3 VAIS | |
| 856 | 4 | |a CRZP |u https://opac.crzp.sk/?fn=detailBiblioForm&sid=873ABE7B6F49B7A56848CD9670EF | |